Vodná a kombinovaná doprava. 3 Technológia kombinovanej dopravy

Kombinovaná doprava - vhodná kombinácia železničnej, leteckej, vodnej a cestnej dopravy. Prekládkové technológie kombinovanej dopravy a vybavenie prekladísk pre multimodálne prepravy. Systém nočných kyvadlových nákladných rýchlovlakov.

Uložené v:
Podrobná bibliografia
Hlavný autor: Žarnay, P.
Médium: Kapitola
Jazyk:Slovak
Predmet:
Tagy: Pridať tag
Žiadne tagy, Buďte prvý, kto otaguje tento záznam!

MARC

LEADER 00000naa a2200000 4500
001 r021663
005 20230825083555.5
041 0 |a slo 
044 |a SK 
245 1 0 |a Vodná a kombinovaná doprava. 3  |b Technológia kombinovanej dopravy  |c P. Žarnay 
520 |a Kombinovaná doprava - vhodná kombinácia železničnej, leteckej, vodnej a cestnej dopravy. Prekládkové technológie kombinovanej dopravy a vybavenie prekladísk pre multimodálne prepravy. Systém nočných kyvadlových nákladných rýchlovlakov. 
610 2 0 |a doprava vodná 
610 2 0 |a doprava kombinovaná 
610 2 0 |a technológia 
610 2 0 |a prístavy 
610 2 0 |a doprava železničná 
610 2 0 |a kontajnery 
610 2 0 |a preprava 
100 1 |a Žarnay, P.